Průvodce řízením jakosti 1

Na minha lista:
Detalhes bibliográficos
Formato: Livro
Idioma:tcheco
Publicado em: Praha Dům techn. ČSVTS 1990
Edição:1. vyd.
Tags: Adicionar Tag
Sem tags, seja o primeiro a adicionar uma tag!

MARC

LEADER 00000nam a2200000 4500
001 c028691
005 20221215120507.2
041 0 |a cze 
044 |a CZ 
245 1 0 |a Průvodce řízením jakosti 1 
250 |a 1. vyd. 
264 1 |a Praha  |b Dům techn. ČSVTS  |c 1990 
300 |a 243 s.